00406nam a22001457a 4500010001500000020001100015035001400026037000900040082001100049245007500060260003300135270004200168300001900210700003100229 aENG-143543 c100.00 aEN-127075 bDBAD a881.08 aAn Anthology of Selected Articles cedited by Kazi Golam Gous Siddiqui aKolkatabSankar Mondalc2010 a209A. Bidhan Sarani,bKolkatae700006 a94p.c22cm(HB) aSiddiqui, Kazi Golam Gous